| 000 | 01376nam a2200253 a 4500 | ||
|---|---|---|---|
| 001 | 86456 | ||
| 003 | BD-RjUL | ||
| 005 | 20260510114219.0 | ||
| 008 | 260510s2022 bg ||||| |||| 00| 0 ben d | ||
| 020 | _a 9789847768946 | ||
| 035 | _a(BD-RjUL)86456 | ||
| 040 |
_aBD-RjUL _beng _cBD-RjUL |
||
| 041 | _aeng | ||
| 082 |
_223 _a954.9205 _bKRI 2022 |
||
| 245 |
_aক্রীড়াঙ্গন থেকে রণাঙ্গন : _bশহিদ জুয়েল বীর বিক্রম স্মারকগ্রন্থ / _cগ্রন্থনা রুবিনা হোসেন ; সম্পাদক মুহাম্মদ কামরুজ্জামান |
||
| 260 |
_aঢাকা : _bবাংলাদেশ ক্রিকেট সাপোর্টার্স অ্যাসোসিয়েশন, _c২০২২ |
||
| 300 |
_a৩৪২ পৃ. : _bচিত্রসমূহ ; _c২৪ সেমি. |
||
| 600 |
_a চৌধুরী, আব্দুল হালিম, ১৯৫০-১৯৭১ _918426 |
||
| 650 |
_aবাংলাদেশ _xইতিহাস _yবিপ্লব, ১৯৭১ _918422 |
||
| 650 |
_aBangladesh _xHistory _y Revolution, 1971 _918423 |
||
| 700 |
_aহোসেন, রুবিনা _918424 |
||
| 700 |
_aকামরুজ্জামান, মুহাম্মদ. _918425 |
||
| 942 |
_2ddc _cBK |
||
| 999 |
_c86456 _d86456 |
||